000 00460nam a2200193Ia 4500
003 GCL
008 140319s9999 xx 000 0 eng d
040 _aGCL /
_cGCL
082 0 4 _a873.01
_bH V
100 1 _aHARDIE, PHILIP
245 1 0 _aVIRGIL AENEID /
_cHARDIE, PHILIP
260 _a[S.N] :
_bCAMBRIBGE UNIVERSITY PRESS ،
_c1994
300 _a259 P
650 0 4 _aPOETRY
650 0 4 _aROME
650 0 4 _aLEGENDS
650 0 4 _aAENEAS
942 _2ddc
_cBK
999 _c24176
_d24176